Monthly housing market bulletin (Record no. 109168)

MARC details
000 -LEADER
fixed length control field 01345cad a22002415a 4500
001 - CONTROL NUMBER
control field L146430
008 - FIXED-LENGTH DATA ELEMENTS--GENERAL INFORMATION
fixed length control field 090121s20081217xxkado f a000 0 eng d
035 ## - SYSTEM CONTROL NUMBER
System control number (Sirsi) u146430
041 0# - LANGUAGE CODE
Language code of text/sound track or separate title eng
050 04 - LIBRARY OF CONGRESS CALL NUMBER
Classification number 306.1 $2 18
110 2# - MAIN ENTRY--CORPORATE NAME
Corporate name or jurisdiction name as entry element Homes and Communities Agency
9 (RLIN) 5688
245 00 - TITLE STATEMENT
Title Monthly housing market bulletin
Medium [electronic resource]
260 ## - PUBLICATION, DISTRIBUTION, ETC.
Place of publication, distribution, etc. London
Name of publisher, distributor, etc. HCA
Date of publication, distribution, etc. 2008
490 #0 - SERIES STATEMENT
Series statement Homes & Communities Agency Monthly Housing Market Bulletin
Volume/sequential designation December 2008
505 2# - FORMATTED CONTENTS NOTE
Formatted contents note Overview of the housing market -- House prices -- Mortgages -- The economy -- Housebuilding
520 ## - SUMMARY, ETC.
Summary, etc. Monthly bulletin provides a useful overview of the housing market in the UK (principally England and Wales). Draws statistical evidence from a range of sources including the Land Registry, the Department for Communities and Local Government and the Royal Institution of Chartered Surveyors. Also provides forecasts for the market, commentary on mortgages and affordability and house building activity. There is also a more general section on the economy included.
521 ## - TARGET AUDIENCE NOTE
Target audience note Advanced
590 ## - LOCAL NOTE (RLIN)
Local note KA NTK
651 #4 - SUBJECT ADDED ENTRY--GEOGRAPHIC NAME
Geographic name England and Wales
Chronological subdivision 1543-
690 ## - LOCAL SUBJECT ADDED ENTRY--TOPICAL TERM (OCLC, RLIN)
Topical term or geographic name as entry element Residential property
9 (RLIN) 6266
856 40 - ELECTRONIC LOCATION AND ACCESS
Uniform Resource Identifier <a href="https://www.homesandcommunities.co.uk/housing_market_research">https://www.homesandcommunities.co.uk/housing_market_research</a>
Public note View the item free of charge online at www.homesandcommunities.co.uk...
942 ## - ADDED ENTRY ELEMENTS (KOHA)
Suppress in OPAC 0
Holdings
Withdrawn status Lost status Source of classification or shelving scheme Damaged status Not for loan Home library Current library Shelving location Date acquired Total Checkouts Full call number Barcode Date last seen Copy number Price effective from Koha item type
    Dewey Decimal Classification     Virtual Virtual Online 21/01/2009   ONLINE PUBLICATION 146430-1001 06/08/2019 1 06/08/2019 Book